|
|
|
|
| LEADER |
01604nam a2200373 a 4500 |
| 001 |
37461 |
| 003 |
BD-DhAAL |
| 005 |
20211124103134.0 |
| 008 |
090731s2009 nyu 001 0 eng |
| 999 |
|
|
|c 42316
|d 42316
|
| 010 |
|
|
|a 2009031696
|
| 020 |
|
|
|a 9781606928097 (softcover)
|
| 020 |
|
|
|a 1606928090 (softcover)
|
| 035 |
|
|
|a (OCoLC)ocn298184137
|
| 040 |
|
|
|a DLC
|c DLC
|d BTCTA
|d YDXCP
|d BWX
|d INT
|d VGM
|d DLC
|d BD-DhAAL
|
| 043 |
|
|
|a a-vt---
|a f-ae---
|a ncnq---
|
| 050 |
0 |
0 |
|a JC491
|b .M53 2009
|
| 082 |
0 |
0 |
|a 303.64
|2 22
|
| 100 |
1 |
|
|a Millen, Raymond A.
|9 40951
|
| 245 |
1 |
4 |
|a The political context behind successful revolutionary movements /
|c Raymond Millen.
|
| 260 |
|
|
|a Hauppauge, NY :
|b Nova Science Publishers,
|c c2009.
|
| 300 |
|
|
|a 76 pages ;
|c 23 cm.
|
| 504 |
|
|
|a Includes bibliographical references (pages 57-67) and index.
|
| 505 |
0 |
|
|a Political context framework -- Republic of Vietnam, 1955-63 -- Algeria, 1945-62 -- Nicaragua, 1967-79.
|
| 526 |
|
|
|a ENH
|
| 541 |
|
|
|a Depelopment Book Agency
|e 37461
|
| 650 |
|
0 |
|a Revolutions
|v Case studies.
|9 40952
|
| 650 |
|
0 |
|a Revolutions
|z Vietnam
|x Evaluation.
|9 40953
|
| 650 |
|
0 |
|a English language.
|9 43039
|
| 651 |
|
0 |
|a Algeria
|x History
|y Revolution, 1954-1962
|x Evaluation.
|9 40954
|
| 651 |
|
0 |
|a Nicaragua
|x History
|y Revolution, 1979
|x Evaluation.
|9 40955
|
| 852 |
|
|
|a Ayesha Abed Library
|c General stacks
|
| 942 |
|
|
|2 ddc
|c BK
|
| 952 |
|
|
|0 0
|1 0
|2 ddc
|4 0
|6 303_640000000000000_MIL
|7 0
|9 69245
|a BRACUL
|b BRACUL
|c GEN
|d 2021-01-31
|e Development Book Agency
|g 3000.00
|l 0
|o 303.64 MIL
|p 3010037461
|r 2021-01-31
|t 1
|v 3000.00
|w 2021-01-31
|y BK
|x Received during COVID-19 pandemic
|